| 000 | 01065nam a2200337 a 4500 | ||
|---|---|---|---|
| 001 | 000014978 | ||
| 003 | DO-SdBNP | ||
| 005 | 20170915131831.0 | ||
| 007 | 000014978 | ||
| 008 | 100128s2007 sp f 000 0 spa d | ||
| 020 | _a9788478410798 (obra completa) | ||
| 020 | _a9788478410804 (V. I) | ||
| 020 | _a9788478410811 (V. 2) | ||
| 040 |
_aBPMSU _bspa _cBPMSU |
||
| 082 | 4 |
_aR 636.089 _bM294m |
|
| 092 | _a | ||
| 240 |
_aThe Merck veterinary manual _lspa |
||
| 245 | 0 | 0 |
_aManual Merck de veterinaria / _ceditor, Cynthia M. Kahn ; editor asociado, Scott Line ... [et al.]. |
| 250 | _a6a. ed. | ||
| 260 |
_aBarcelona : _bOcéano, _c2007. |
||
| 300 |
_a2 v. : _bil. ; _c26 cm. |
||
| 500 | _aEdición especial 50º aniversario | ||
| 500 | _aTraducción de: The Merck veterinary manual | ||
| 650 | 4 | _aVETERINARIA | |
| 700 | 1 | 2 |
_aLine, Scott, _eed. |
| 700 | 1 | 2 |
_aKahn, Cynthia M., _eed. |
| 910 | _aValidado. Control de calidad MFF | ||
| 942 |
_2ddc _cBK |
||
| 956 |
_aMFILETO _b04 _c20121113 _lBND01 _h1048 |
||
| 956 |
_aVMATEO _b10 _c20150918 _lBPMSU _h00151 |
||
| 999 |
_c8276 _d8276 |
||